El derecho de propiedad en la Argentina a través de la interpretación de la Corte Suprema de Justicia de la Nación (Registro nro. 33281)

Detalles MARC
000 -LEADER
fixed length control field 00434 a2200109 4500
001 - CONTROL NUMBER
control field ART_41541
005 - DATE AND TIME OF LATEST TRANSACTION
control field 20260410162023.0
008 - FIXED-LENGTH DATA ELEMENTS--GENERAL INFORMATION
fixed length control field 260409a
100 1# - MAIN ENTRY--PERSONAL NAME
Personal name Basterra, Marcela I.
245 10 - TITLE STATEMENT
Title El derecho de propiedad en la Argentina a través de la interpretación de la Corte Suprema de Justicia de la Nación
773 0# - HOST ITEM ENTRY
Title Revista Iberoamericana de derecho constitucional
Related parts - Año I, Nº 1 (nov. 2003)
Record control number REV41515

No hay ítems disponibles.